Géographie de l'Asie par lettre - S - Statistiques

Statistiques générales
  • Ce quiz a été pris 146 fois
  • Le résultat moyen est 10 sur 20
Statistiques - réponses
Indice Réponse % Correct
Ville la plus peuplée de Chine avec autour de 28 millions d'habitants Shanghai
95%
Cité-État insulaire au large du sud de la Malaisie Singapour
91%
Capitale de la Corée du Sud Séoul
88%
Route commerciale la plus célèbre entre l'Asie et l'Europe qui passait par Xi'an, Samarcande, Boukhara... La Soie
85%
Suffixe courant dans le nom de pays d'Asie centrale et signifiant "pays, lieu" en persan -Stan
80%
Ancien nom de la Thaïlande Le Siam
78%
Pays du Levant de 22 millions d'habitants La Syrie
74%
Capitale du Yémen Sana'a
66%
Paysage typique du nord de l'Asie sous forme de grande étendue dépourvue d'arbres et souvent associé à la Mongolie La Steppe
64%
Nom de la Russie asiatique Sibérie
52%
Langue mère de l'hindi, l'ourdou, le bengali notamment utilisée traditionnellement dans les textes religieux hindous Le Sanskrit
42%
Un des deux états de Malaisie orientale, homonyme d'un ancien royaume antique du Yémen célèbre pour sa reine Sabah
33%
Île sibérienne de la mer d'Okhotsk qui constitue également un Oblast de Russie L'île {Sakhaline}
31%
Une des quatre grandes îles de l'archipel japonais qui a la particularité de n'abriter aucun volcan Shikoku
31%
Religion dharmique monothéiste originaire du Pendjab Le Sikhisme
22%
Langue officielle du Sri Lanka parlée par 70% de la population Le Singhalais
19%
Archipel de "l'Insulinde" : Bornéo ou Java en sont des grandes et Bali le Timor ou Florès en sont des petites Les îles de {la Sonde}
16%
Accords de négociations passés en 1916 entre le Royaume-Uni et la France et prévoyant le découpage du Proche-Orient après la guerre Les accords {Sykes-Picot}
13%
"Empire des Iraniens" de l'antiquité tardive et dont le Zoroastrisme était la religion officielle Empire {Sassanide}
10%
Chapelet d'îlots coraliens de la mer de Chine méridionale faisant l'objet d'un conflit régional de souveraineté Les îles {Spratley}
6%
Aucun quiz correspondant
Distribution des résultats
% des personnes avec chaque résultat
Percentile par nombre de réponses
Votre historique - résultats
Vous n’avez pas pris ce quiz